000 00775nam a22002537a 4500
003 dpl
005 20180801124155.0
008 180801b xxu||||| |||| 00| 0 eng d
010 _aA-943849
020 _c00.00
_a8176480290
035 _aA-943849, A-943850
037 _bCen Lib/Ret
040 _aDPL
_bEN
_c0
082 _a350
_bPAN
100 _aPanda, Nalin K.
_917790
245 _aDynamic public administration /
_cby Nalin K. Panda
260 _aNew Delhi
_bA.P.H. publishing corporation
_c1999
270 _bNew Delhi
_a5, Ansari road , daryaganj
_e110002
300 _aviii,114p.
_c21cm(Hb)
500 _aIncludes index
650 _aPublic administration
_94733
650 _aExecutive behaviour
_917791
942 _2ddc
_cEN
_h350
_mPAN
999 _c126538
_d126538